00824cam a22002411 450000100060000000300080000600500170001400800410003103500190007203500190009104000380011004100080014808200180015610000600017424500420023426000480027630000260032450400190035065100350036994200120040499900170041695201490043327786BD-RjUL20211209051212.0140327r19571947enk 000 0 eng d a(BD-RjUL)27865 a(OCoLC)1268060 aDLCcFOdOCoLCdDLCdBD-RjULbeng aeng00a942bWOH 19571 aWoodward, E. L.q(Ernest Llewellyn),d1890-1971.97488400aHistory of England /c E. L. Woodward aLondon :bMethuen,c1947 [Reprinted 1957] . avii, 273 p. ;c18 cm. aIncludes Index 0aGreat BritainxHistory.985301 2ddccBK c27786d27786 00102ddc40728NFICaRUCLbRUCLcReadingd1957-12-17ePak American Coummisiong7.14l0o942 WOH 1957r2014-03-27 00:00:00tC-1w2014-03-27yBK